000 00282nam a22001337a 4500
008 180922b xxu||||| |||| 00| 0 eng d
020 _a9781558102606
041 _aeng
080 _a610.73
100 _a2
101 _aINF
245 _aPediatric Nursing
_cANA
942 _2udc
_cBK
999 _c48287
_d48287